011700000a22003250004500090001300000245005400013260000900067044001300076041001400089690001600103690002700119690002800146690003900174700004500213700004300258700004500301700003500346700004200381700003900423700004900462700003700511700004500548700004700593700004400640700004100684100004700725942001300772773004200785999001700827 aSeriadas10aAves del municipio de Ibagué - Tolima, Colombia c2007 aColombia0 aEspañol aAves992429 aLista de especies9603 aHábitat animal994646 aDistribución geográfica9929971 aCarantón Ayala, Diego Andrés91005711 aSanabria Mejía, Jeyson Senen91005721 aBarrera Rodríguez, Luis Felipe91005731 aSierra Sierra, Adriana91005741 aMoreno Palacios, Miguel Cesar91005751 aYate Molina, Wilber Santos91005761 aFigueroa Martínez, William Enrique91005771 aDiaz Jaramillo, Carolina91005781 aFlórez Delgado, Vivian Tatiana91005791 aCertuche Cubillos, Jenny Katherine91005801 aLoaiza Hernández, Hugo Nelson91005811 aFlorido Cuellar, Bilma Adela91005821 aParra Hernández, Ronald Mauricio9100583 cARTICULO1 tBiota colombianah2q199-220d2007g8 c16313d16313